000 02595nam a22002777a 4500
001 8665
003 FISKH
005 20251009095858.0
008 251009b cb ||||| |||| 00| 0 eng d
040 _aFISKH
_bkhr
_cFISKH
_dFISKH
050 _aPZ7
082 _a398.2
100 _aAnonymous
245 _aព្រះនាងព្រិលស និង បុរសតឿទាំង៧ /
_cBy Anonymous
260 _aPhnom Penh :
_bរោងពុម្ព នីដា​ ,
300 _a16 pages :
_bcolor illustrations ;
_c21 cm .
505 _aF
520 _aរឿងនេះជារឿងនិទានអំពី ព្រះនាងព្រិលស ដែលមានសម្រស់ស្រស់ស្អាតខ្លាំង។ ម្តាយចុងរបស់នាងបញ្ជាឲ្យសេនានាំព្រះនាងទៅព្រៃដើម្បីសម្លាប់ ប៉ុន្តែ គាត់បានលើកលែងព្រះនាង។ ព្រះនាងបានគេចខ្លួនទៅរស់នៅជាមួយបុរសតឿទាំងប្រាំពីរនាក់ក្នុងព្រៃ។ ម្តាយចុងនៅតែបន្តព្យាយាមសម្លាប់ព្រះនាងជាច្រើនដង ដោយប្រើផ្លែប៉មពុល។ បន្ទាប់មកព្រះនាងបានស្លាប់ដោយសារផ្លែប៉ោមពុល ។ ព្រះអង្គម្ចាស់ម្នាក់បានមកឃើញ និងសង្គោះនាង បន្ទាប់មកពួកគេបានរៀបការគ្នា និងរស់នៅយូរអង្វែងដោយសុខសាន្ត។
520 _aThis story is a fairy tale about Snow White, who was very beautiful. Her stepmother ordered a soldier to take her into the forest to kill her, but he spared her life. Snow White escaped and went to live with seven dwarfs in the forest. The stepmother continued to try to kill her many times, eventually using a poisoned apple. Snow White died because of the poisoned apple. Later, a prince came, found her, and rescued her. After that, they got married and lived happily ever after.
521 8 _a300
_bLexile estimate
521 8 _aF
_bRaz-Plus
650 _aព្រះនាងព្រិលស និង បុរសតឿទាំង៧
650 _aSnow White and the Seven Dwarfs
942 _2ddc
_cKHB
_n0
999 _c8665
_d8665